000 00465nam a2200157 4500
001 131436
003 ES-MaACL
005 20230906194000.0
007 t|
008 070214s1918 sp r ||||1| spa d
100 1 _aRodríguez y Abaytúa, Nicolás.
_998867
245 1 4 _aLos fenómenos biológicos ante la filosofía /
_cNicolás Rodríguez y Abaytúa.
260 _aMadrid :
_bNicolás Moya,
_c1918.
300 _a251 p. ;
_c23 cm.
852 _aES-MaACL
_jF-5730
999 _c131436
_d131436